000
00288nam a2200121Ia 4500
008
190216s9999||||xx |||||||||||||| ||und||
100
_a
Singh R N
245
0
_a
Management Thought And Thinkers
260
_b
Mannora Publications
_c
1983
300
_a
286p
650
_a
Commerce
942
_c
BK
999
_c
4233
_d
4233